Statistics for Actor's With "D" in Their Name by Picture

Click here to take the quiz!

General Stats

  • This quiz has been taken 198 times
  • The average score is 11 of 15

Answer Stats

Answer% Correct
Dwayne Johnson
95%
Johnny Depp
95%
Robert Downey Jr.
94%
Ryan Reynolds
88%
Matt Damon
87%
Zendaya
87%
Daniel Radcliffe
85%
Ellen Degeneres
83%
Bradley Cooper
71%
Tom Hardy
70%
Amy Adams
68%
Anna Kendrick
66%
Zoe Saldana
55%
Pedro Pascal
48%
Lin Manuel-Miranda
39%

Score Distribution

Percentile by Number Answered

Percent of People with Each Score

Your Score History

You have not taken this quiz